000 00698nam a2200265Ia 4500
005 20260121173623.0
008 008 260114s9999 xx 000 0 eng d
020 _a9783319195995
037 _aEBOOK
040 _aCRL
040 _beng
040 _cCRL
041 _2eng
041 _aeng
084 _qCRL
100 _aI. Sabirov N.A. Enikeev M.Yu. Murashkin R.Z. Valiev
_91103135
245 0 _aBulk Nanostructured Materials with Multifunctional Properties
260 _bSpringer
260 _bSpringer
260 _c2015
856 _uhttps://link.springer.com/openurl?genre=book&isbn=978-3-319-19599-5
942 _cEBOOK
999 _c1668880
_d1668880